<?xml version="1.0" encoding="UTF-8"?>
<marc:record xmlns:marc="http://www.loc.gov/MARC21/slim">
   <marc:leader>00000nam a2200000 a 4500</marc:leader>
   <marc:datafield ind1="1" ind2=" " tag="100">
      <marc:subfield code="a">Parvela, Timo</marc:subfield>
      <marc:subfield code="4">aut</marc:subfield>
      <marc:subfield code="e">Verfasser/-in</marc:subfield>
   </marc:datafield>
   <marc:datafield ind1="1" ind2=" " tag="100">
      <marc:subfield code="a">Sortland, Bjørn</marc:subfield>
      <marc:subfield code="4">aut</marc:subfield>
      <marc:subfield code="e">Verfasser/-in</marc:subfield>
   </marc:datafield>
   <marc:datafield ind1="0" ind2="0" tag="245">
      <marc:subfield code="a">Kepler 62</marc:subfield>
   </marc:datafield>
   <marc:datafield ind1="0" ind2="0" tag="245">
      <marc:subfield code="b">Buch 2: der Countdown</marc:subfield>
   </marc:datafield>
   <marc:datafield ind1="0" ind2="0" tag="245">
      <marc:subfield code="c">Timo Parvela ; Bjørn Sortland. Ill.: Pasi Pitkänen. Übers.: Elina Kritzokat</marc:subfield>
   </marc:datafield>
   <marc:datafield ind1=" " ind2="1" tag="264">
      <marc:subfield code="a">Stuttgart</marc:subfield>
      <marc:subfield code="b">Kosmos</marc:subfield>
      <marc:subfield code="c">2019</marc:subfield>
   </marc:datafield>
   <marc:datafield ind1="1" ind2=" " tag="520">
      <marc:subfield code="a">Quelle: bn.bibliotheksnachrichten (http://www.biblio.at/literatur/bn/index.html); #Autor: Anita Ruckerbauer; #Spannende Fortsetzung der Weltraumsaga. (ab 10) (JE)#In Band 2 wird die hochbegabte 14-jährige Marie eingeführt. Seit dem Tod ihrer Mutter lebt sie allein mit zwei Bediensteten in einem palastähnlichen Anwesen. Ihr Vater verdient als Waffenproduzent ein Vermögen, hat aber nicht die geringste Beziehung zu seiner Tochter. Auch Marie hat bereits von dem Computerspiel Kepler 62 gehört. Sie macht sich allerdings nicht die Mühe, selbst zu spielen, sondern überlässt das gegen Bezahlung einem Nerd.#Trotzdem wird auch sie eingeladen. Der Nerd berichtet ihr von einer geheimen Organisation, die Kinder mit Raumschiffen zum Stern Kepler 62 schicken will, der von Exoplaneten umkreist wird. Dort sollen sie eine neue Welt aufbauen. Sie landet in derselben Anlage - Area 51 - wie Ari und Joni, wo die Kinder ein Trainingsprogramm durchlaufen. Marie, die lange Übung mit Schusswaffen hat, wird gleich einmal in die Waffenkammer geschickt. Bald merken sie, dass Olivia, die ihnen als Betreuerin zugeteilt wurde, nicht die ganze Wahrheit erzählt. Und auf Area 51 gibt es anscheinend gefangene Aliens!#Wie bereits in der Rezension des ersten Bandes erwähnt, ergänzen sich die beiden Autoren und der Illustrator perfekt. Da die Bücher leicht zu lesen sind, könnten sie vielleicht sogar den einen oder anderen Lesemuffel aus der Reserve locken.</marc:subfield>
   </marc:datafield>
   <marc:datafield ind1=" " ind2=" " tag="020">
      <marc:subfield code="a">9783440166130</marc:subfield>
      <marc:subfield code="9">9783440166130</marc:subfield>
   </marc:datafield>
   <marc:datafield ind1=" " ind2=" " tag="041">
      <marc:subfield code="a">ger</marc:subfield>
   </marc:datafield>
   <marc:datafield ind1=" " ind2=" " tag="300">
      <marc:subfield code="a">153 S.</marc:subfield>
   </marc:datafield>
</marc:record>
